Noms de gardien de but - Statistiques

Statistiques générales
  • Ce quiz a été pris 82 fois
  • Le résultat moyen est 14 sur 15
Statistiques - réponses
Hint Réponse % Correct
Alisson Becker
95%
Gianluigi Buffon
95%
Iker Casillas
95%
Thibaut Courtois
95%
Hugo Lloris
95%
Emiliano Martinez
94%
Kepa Arrizabalaga
92%
Manuel Neuer
91%
Rui Patricio
90%
Edwin Van der Sar
90%
Jordan Pickford
88%
Yann Sommer
87%
Marc-André Ter Stegen
87%
Kasper Schmeichel
86%
Jan Oblak
85%
Aucun quiz correspondant
Distribution des résultats
% des personnes avec chaque résultat
Percentile par nombre de réponses
Votre historique - résultats
Vous n’avez pas pris ce quiz